Organizational behavior / (Record no. 52318)

MARC details
000 -LEADER
fixed length control field 00530nam a2200205Ia 4500
005 - DATE AND TIME OF LATEST TRANSACTION
control field 20260429112107.0
008 - FIXED-LENGTH DATA ELEMENTS--GENERAL INFORMATION
fixed length control field 260429s9999||||xx |||||||||||||| ||und||
020 ## - INTERNATIONAL STANDARD BOOK NUMBER
International Standard Book Number 9781292450025
041 ## - LANGUAGE CODE
Language English
082 ## - DEWEY DECIMAL CLASSIFICATION NUMBER
Classification number 658.4
Item number ROB
100 ## - MAIN ENTRY--PERSONAL NAME
Personal name Robbins, Stephen P.
245 #0 - TITLE STATEMENT
Title Organizational behavior /
Statement of responsibility, etc Stephen P. Robbins
250 ## - EDITION STATEMENT
Edition statement 19th ed.
260 ## - PUBLICATION, DISTRIBUTION, ETC. (IMPRINT)
Place of publication, distribution, etc United Kingdom :
Name of publisher, distributor, etc Pearson,
Date of publication, distribution, etc 2024.
300 ## - PHYSICAL DESCRIPTION
Extent 798 p.; pbk
650 ## - SUBJECT ADDED ENTRY--TOPICAL TERM
Topical term or geographic name as entry element Organization
650 ## - SUBJECT ADDED ENTRY--TOPICAL TERM
Topical term or geographic name as entry element Behavior
700 ## - ADDED ENTRY--PERSONAL NAME
Personal name Judge, Timothy A.
942 ## - ADDED ENTRY ELEMENTS (KOHA)
Koha item type Text Books
Holdings
Withdrawn status Lost status Damaged status Not for loan Collection code Home library Location Shelving location Date of Cataloging Source of acquisition Total Checkouts Full call number Barcode Date last seen Price effective from Koha item type
        Non-fiction CUTN Central Library CUTN Central Library Medicine, Technology & Management 29/04/2026 Atlantic Publishers and Distributors, Chennai - Invoice No. 3013317 on 17-02-2026   658.4 ROB 57394 29/04/2026 29/04/2026 Text Books